Mario Kart Wii - Character Quiz - Statistics

General Stats
  • This quiz has been taken 68 times
  • The average score is 21 of 24
Answer Stats
Hint Answer % Correct
Medium Mario
100%
Light Baby Mario
98%
Light Baby Luigi
97%
Medium Luigi
97%
Light Baby Peach
95%
Heavy Bowser
95%
Light Toad
95%
Medium Peach
93%
Medium Yoshi
93%
Medium Daisy
90%
Heavy Donkey Kong
90%
Heavy Waluigi
90%
Heavy Wario
88%
Light Baby Daisy
84%
Medium Diddy Kong
83%
Light Dry Bones
83%
Heavy Rosalina
83%
Light Koopa Troopa
81%
Light Toadette
78%
Heavy Funky Kong
76%
Medium Birdo
72%
Heavy King Boo
71%
Medium Bowser Jr.
69%
Heavy Dry Bowser
67%
No matching quizzes found
Score Distribution
Percent of People with Each Score
Percentile by Number Answered
Your Score History
You have not taken this quiz